Latitud Sur (Registro nro. 8509)

Detalles MARC
000 -LEADER
fixed length control field 01769nas a2200289 454500
001 - CONTROL NUMBER
control field 18940
005 - DATE AND TIME OF LATEST TRANSACTION
control field 20260407193505.0
008 - FIXED-LENGTH DATA ELEMENTS--GENERAL INFORMATION
fixed length control field 260407s2006####ag###########|||spa#d
003 - CONTROL NUMBER IDENTIFIER
control field AR-UNSa-BCEJYS
040 ## - CATALOGING SOURCE
Original cataloging agency AR-UNSa-BCEJYS
Language of cataloging spa
Transcribing agency AR-UNSa-BCEJYS
080 ## - UNIVERSAL DECIMAL CLASSIFICATION NUMBER
Universal Decimal Classification number 339.9
Common auxiliary subdivision Economía internacional en general. Relaciones económicas internacionales. Economía mundial
022 ## - INTERNATIONAL STANDARD SERIAL NUMBER
International Standard Serial Number 1850-3659
041 ## - LANGUAGE CODE
Language code of text/sound track or separate title spa
100 1# - MAIN ENTRY--PERSONAL NAME
Personal name Monserrat Llairó, María de
245 10 - TITLE STATEMENT
Title Latitud Sur
Name of part/section of a work Revista del Centro de investigaciones en estudios latinoamericanos para el desarrollo y la integración
264 #1 - PRODUCTION, PUBLICATION, DISTRIBUTION, MANUFACTURE, AND COPYRIGHT NOTICE
Place of production, publication, distribution, manufacture Buenos Aires :
Name of producer, publisher, distributor, manufacturer CEINLADI
Date of production, publication, distribution, manufacture, or copyright notice 2006
310 ## - CURRENT PUBLICATION FREQUENCY
Current publication frequency Frecuencia: Anual
505 ## - FORMATTED CONTENTS NOTE
Formatted contents note Latitud Sur es una Revista anual, cuyo primer número se lanzó en el año 2006. La misma es fruto del esfuerzo de las actividades de investigación que realiza el Centro de Investigación en Estudios Latinoamericanos para el Desarrollo y la Integración (CEINLADI), de la Facultad de Ciencias Económicas de la Universidad de Buenos Aires. Se propone restituir los estudios económicos, al campo de la sociedad, la política y la historia, evitando la naturalización de los procesos sociales. Asimismo, pretende generar un espacio interdisciplinario y pluralista entre las distintas ramas del conocimiento.
590 ## - LOCAL NOTE (RLIN)
Local note niveau_biblio:s niveau_hierar:1
650 ## - SUBJECT ADDED ENTRY--TOPICAL TERM
Topical term or geographic name entry element ADMINISTRACION PUBLICA
650 ## - SUBJECT ADDED ENTRY--TOPICAL TERM
Topical term or geographic name entry element Sociología
650 ## - SUBJECT ADDED ENTRY--TOPICAL TERM
Topical term or geographic name entry element Ciencia política
650 ## - SUBJECT ADDED ENTRY--TOPICAL TERM
Topical term or geographic name entry element ECONOMIA INTERNACIONAL
700 1# - ADDED ENTRY--PERSONAL NAME
Personal name Universidad de Buenos Aires. Facultad de Ciencias Económicas. Centro de Investigaciones en Estudios Latinoamericanos para el Desarrollo y la Integración
856 41 - ELECTRONIC LOCATION AND ACCESS
Uniform Resource Identifier <a href="https://biblioeco.unsa.edu.ar/pmb/images/revistas/Latitud Sur.jpg">https://biblioeco.unsa.edu.ar/pmb/images/revistas/Latitud Sur.jpg</a>
Link text Imagen de portada
Electronic format type image/jpeg
942 ## - ADDED ENTRY ELEMENTS (KOHA)
Koha item type
Existencias
Withdrawn status Lost status Damaged status Not for loan Home library Current library Shelving location Date acquired Serial enumeration / chronology Total checkouts Full call number Barcode Date last seen Price effective from Koha item type
        Biblioteca Prof. Eusebio Cleto del Rey Biblioteca Prof. Eusebio Cleto del Rey   01/11/2008 Nº 3 - nov. 2008   H339.9 LAT 3 R08753 10/04/2026 10/04/2026 Numero
        Biblioteca Prof. Eusebio Cleto del Rey Biblioteca Prof. Eusebio Cleto del Rey   01/11/2008 Nº 3 - nov. 2008   H339.9 LAT 3 Ej.2 R08754 10/04/2026 10/04/2026 Numero
        Biblioteca Prof. Eusebio Cleto del Rey Biblioteca Prof. Eusebio Cleto del Rey   01/11/2007 Nº 2 - nov. 2007   H339.9 LAT 2 R08716 10/04/2026 10/04/2026 Numero
        Biblioteca Prof. Eusebio Cleto del Rey Biblioteca Prof. Eusebio Cleto del Rey   01/11/2007 Nº 2 - nov. 2007   H339.9 LAT 2 Ej.2 R08717 10/04/2026 10/04/2026 Numero
        Biblioteca Prof. Eusebio Cleto del Rey Biblioteca Prof. Eusebio Cleto del Rey   01/10/2006 Nº 1 - oct. 2006   H339.9 LAT 1 R08676 10/04/2026 10/04/2026 Numero
        Biblioteca Prof. Eusebio Cleto del Rey Biblioteca Prof. Eusebio Cleto del Rey   01/10/2006 Nº 1 - oct. 2006   H339.9 LAT 1 Ej.2 R08715 10/04/2026 10/04/2026 Numero